[Event "RUS-ch Rapid"]
[Site "Sochi"]
[Date "2022.10.15"]
[Round "3"]
[White "Bocharov, Dmitry"]
[Black "Elizarov, Dmitry"]
[Result "0-1"]
[WhiteElo "2526"]
[BlackElo "2383"]
[PlyCount "118"]
[EventDate "2022.10.15"]
[EventType "swiss (rapid)"]
[EventRounds "11"]
[EventCountry "RUS"]
[SourceTitle "CBM 210 Extra"]
[Source "ChessBase"]
[SourceDate "2022.11.30"]
[SourceVersion "1"]
[SourceVersionDate "2022.11.30"]
[SourceQuality "1"]

1. d4 d5 2. c4 c6 3. Nf3 Nf6 4. g3 e6 5. Bg2 Be7 6. 0-0 0-0 7. Nbd2 b6 8. Qc2 a5 9. e4 Na6 10. Rd1 Bb7 11. e5 Nd7 12. cxd5 cxd5 13. a3 Rc8 14. Qb1 Qc7 15. Bf1 Qc2 16. Qxc2 Rxc2 17. Nb1 Rcc8 18. Nc3 Nc7 19. Bg5 Bxg5 20. Nxg5 Ba6 21. Bxa6 Nxa6 22. Rac1 h6 23. Nf3 Ndb8 24. Nb5 Nc6 25. Nd6 Rc7 26. Rc3 Ne7 27. Rxc7 Nxc7 28. Rc1 Na6 29. Ne1 Rd8 30. Nd3 Nb8 31. Rc7 Nec6 32. Nb5 Rd7 33. Rc8+ Rd8 34. Rxd8+ Nxd8 35. f4 h5 36. Kf2 Ndc6 37. f5 exf5 38. Nf4 Ne7 39. Nc3 Nbc6 40. Ke3 g6 41. Ncxd5 Nxd5+ 42. Nxd5 b5 43. Nc7 b4 44. axb4 Nxb4 45. d5 Kf8 46. Kd4 Ke7 47. Nb5 g5 48. Nc3 f4 49. gxf4 gxf4 50. Ke4 f3 51. Nd1 f6 52. e6 f5+ 53. Ke5 Nd3+ 54. Kxf5 f2 55. Ne3 Nxb2 56. d6+ Kxd6 57. Kf6 Nd1 58. Nf1 Nc3 59. Kf7 Nd5 0-1

[Event "Sevastopol Waltz op"]
[Site "Sevastopol"]
[Date "2022.08.02"]
[Round "2"]
[White "Chudinovskikh, Alexander M"]
[Black "Elizarov, Dmitry"]
[Result "0-1"]
[WhiteElo "2065"]
[BlackElo "2383"]
[PlyCount "138"]
[EventDate "2022.08.01"]
[EventType "swiss"]
[EventRounds "9"]
[EventCountry "UKR"]
[SourceTitle "EXT 2023"]
[Source "ChessBase"]
[SourceDate "2022.10.05"]
[SourceVersion "1"]
[SourceVersionDate "2022.10.05"]
[SourceQuality "1"]

1. d4 d5 2. Bf4 Nf6 3. e3 c5 4. Nd2 Nc6 5. Ngf3 cxd4 6. exd4 Qb6 7. Nb3 Bg4 8. h3 Bxf3 9. Qxf3 e6 10. c3 Be7 11. Bd3 0-0 12. 0-0 a5 13. Rab1 a4 14. Nd2 Na5 15. Rfe1 Rfc8 16. a3 Nc4 17. Nxc4 dxc4 18. Bc2 Qc6 19. Qe2 Nd5 20. Bd2 Bd6 21. Be4 Re8 22. Qf3 Ra5 23. Re2 f5 24. Bc2 Nb6 25. Qxc6 bxc6 26. Rbe1 Kf7 27. g4 g6 28. Kg2 Raa8 29. f4 Nd5 30. Kf3 c5 31. gxf5 gxf5 32. dxc5 Bxc5 33. Rg2 Red8 34. Bc1 Ne7 35. Be3 Bxe3 36. Rxe3 Ng6 37. Rge2 Ra6 38. Rf2 Rb8 39. Bb1 Rg8 40. Ke2 Rb6 41. Kd1 Ne7 42. Ba2 Nd5 43. Re1 Rg3 44. Kc1 Rc6 45. Rh1 h5 46. Bb1 Ne3 47. Rd2 Ke7 48. Re2 h4 49. Rhe1 Ng2 50. Rf1 Rd6 51. Ba2 Rc6 52. Bb1 Kf6 53. Rd2 Ne3 54. Rh1 Rf3 55. Rd4 Nd5 56. Bc2 Nxf4 57. Rd8 Rxh3 58. Rxh3 Nxh3 59. Bxa4 Rc7 60. Rh8 Kg5 61. Rg8+ Kf4 62. Rh8 Kg3 63. Rg8+ Kf2 64. Rh8 f4 65. Bd1 f3 66. Rf8 Ng1 67. Rf6 e5 68. Re6 h3 69. Rxe5 Rh7 0-1

[Event "Rostov on Don rapid GP Stage 28th"]
[Site "Rostov on Don"]
[Date "2021.10.29"]
[Round "3"]
[White "Baraeva, Irina"]
[Black "Elizarov, Dmitry"]
[Result "1-0"]
[WhiteElo "2223"]
[BlackElo "2388"]
[PlyCount "65"]
[EventDate "2021.10.29"]
[EventType "swiss"]
[EventRounds "11"]
[EventCountry "RUS"]
[SourceTitle "CBM 204 Extra"]
[Source "ChessBase"]
[SourceDate "2021.11.30"]
[SourceVersion "1"]
[SourceVersionDate "2021.11.30"]
[SourceQuality "1"]

1. d4 d5 2. Nf3 Nf6 3. c4 c6 4. Nc3 e6 5. Bg5 Nbd7 6. e3 Qa5 7. cxd5 Nxd5 8. Qd2 Bb4 9. Rc1 Nxc3 10. bxc3 Ba3 11. Rc2 b6 12. Bd3 Ba6 13. 0-0 Bxd3 14. Qxd3 h6 15. Bh4 0-0 16. e4 Rfe8 17. e5 c5 18. Nd2 b5 19. Ne4 c4 20. Qg3 Qc7 21. f4 Qc6 22. Re2 a5 23. f5 exf5 24. Rxf5 Qg6 25. Qf3 Ra6 26. Rf2 Be7 27. Bxe7 Rxe7 28. Nd6 f6 29. Qb7 Rb6 30. Qc8+ Nf8 31. Qd8 Rbb7 32. Nxb7 Rxb7 33. exf6 1-0

[Event "Rostov on Don rapid GP Stage 28th"]
[Site "Rostov on Don"]
[Date "2021.10.29"]
[Round "1"]
[White "Kulygina, Uliyana"]
[Black "Elizarov, Dmitry"]
[Result "0-1"]
[WhiteElo "1449"]
[BlackElo "2388"]
[PlyCount "70"]
[EventDate "2021.10.29"]
[EventType "swiss"]
[EventRounds "11"]
[EventCountry "RUS"]
[SourceTitle "CBM 204 Extra"]
[Source "ChessBase"]
[SourceDate "2021.11.30"]
[SourceVersion "1"]
[SourceVersionDate "2021.11.30"]
[SourceQuality "1"]

1. d4 d5 2. c4 c6 3. Nf3 Nf6 4. e3 Bf5 5. Nbd2 e6 6. b3 h6 7. Bb2 Nbd7 8. Be2 Be7 9. 0-0 0-0 10. h3 a5 11. c5 b6 12. cxb6 Qxb6 13. Rc1 a4 14. Re1 axb3 15. axb3 Ra2 16. Bc3 Ba3 17. Ra1 Bc2 18. Rxa2 Bxd1 19. Rxd1 Bd6 20. Rda1 Bb8 21. Ba5 Qb7 22. b4 Bd6 23. Bd3 Ra8 24. Ra4 g6 25. Nb3 Nb6 26. R4a3 Nc4 27. Bxc4 dxc4 28. Nc5 Qb5 29. Nd2 Nd5 30. e4 Bxc5 31. dxc5 Nxb4 32. Bxb4 Rxa3 33. Bxa3 c3 34. Nf3 c2 35. Bc1 Qb1 0-1

[Event "Titled Tuesday intern op 19th Jan"]
[Site "Chess.com INT"]
[Date "2021.01.19"]
[Round "3"]
[White "Matveeva, Olga"]
[Black "Elizarov, Dmitry"]
[Result "1-0"]
[WhiteElo "2171"]
[BlackElo "2392"]
[PlyCount "139"]
[EventDate "2021.01.19"]
[EventType "swiss (blitz)"]
[EventRounds "11"]
[EventCountry "USA"]
[SourceTitle "CBM 200 Extra"]
[Source "ChessBase"]
[SourceDate "2021.03.31"]
[SourceVersion "1"]
[SourceVersionDate "2021.03.31"]
[SourceQuality "1"]

1. d4 d5 2. c4 c6 3. Nf3 Nf6 4. e3 Bg4 5. h3 Bxf3 6. Qxf3 e6 7. Nc3 Nbd7 8. Bd2 Bd6 9. Bd3 dxc4 10. Bxc4 0-0 11. 0-0 e5 12. Rfe1 Re8 13. Rad1 Qc7 14. Bb3 e4 15. Qe2 Nb6 16. Rc1 Qd7 17. a4 Nbd5 18. Nxd5 cxd5 19. a5 Rec8 20. Rc3 Rxc3 21. bxc3 Rc8 22. c4 dxc4 23. Bxc4 Qe7 24. Rb1 Rc7 25. a6 b6 26. Be1 h6 27. Qa2 Qd8 28. Bb4 Qc8 29. Bxf7+ Rxf7 30. Bxd6 Qd7 31. Be5 Qd5 32. Qxd5 Nxd5 33. Rc1 Nb4 34. Rc8+ Kh7 35. Ra8 Nxa6 36. Kf1 Nb4 37. Ke2 Rd7 38. Bb8 Nc6 39. Bf4 Nb4 40. Kd2 Nd5 41. Be5 a5 42. f3 exf3 43. gxf3 Rf7 44. e4 Nb4 45. Ke2 Nc6 46. Ke3 g5 47. Bd6 Nb4 48. d5 Nc2+ 49. Ke2 Nd4+ 50. Kd3 Nxf3 51. e5 Nxe5+ 52. Bxe5 Rf3+ 53. Kd4 Rxh3 54. d6 Rh1 55. Ke4 Rd1 56. Kf5 Rf1+ 57. Ke6 Kg6 58. d7 Rd1 59. d8Q Rxd8 60. Rxd8 Kh5 61. Rb8 Kg4 62. Rxb6 h5 63. Ra6 h4 64. Rxa5 h3 65. Ra3 Kh4 66. Kf5 g4 67. Bf4 Kh5 68. Bg3 Kh6 69. Ra6+ Kg7 70. Rg6+ 1-0

[Event "Titled Tuesday intern op 12th Jan"]
[Site "Chess.com INT"]
[Date "2021.01.12"]
[Round "2"]
[White "Huda, Maryana"]
[Black "Elizarov, Dmitry"]
[Result "0-1"]
[WhiteElo "2128"]
[BlackElo "2392"]
[PlyCount "90"]
[EventDate "2021.01.12"]
[EventType "swiss (blitz)"]
[EventRounds "11"]
[EventCountry "USA"]
[SourceTitle "CBM 200 Extra"]
[Source "ChessBase"]
[SourceDate "2021.03.31"]
[SourceVersion "1"]
[SourceVersionDate "2021.03.31"]
[SourceQuality "1"]

1. Nf3 Nf6 2. g3 b5 3. Bg2 Bb7 4. 0-0 c5 5. d3 e6 6. e4 d5 7. a4 a6 8. e5 Nfd7 9. h4 Nc6 10. Bf4 Qc7 11. Re1 b4 12. c4 bxc3 13. bxc3 Be7 14. h5 h6 15. Nbd2 Na5 16. g4 Bc6 17. Nf1 Rb8 18. Ng3 Nb3 19. Ra2 c4 20. d4 a5 21. g5 hxg5 22. Bxg5 Qd8 23. Bxe7 Qxe7 24. Nh2 Nb6 25. Qg4 Rh7 26. Nf3 Nxa4 27. Ng5 Rh6 28. Re3 Kd7 29. f4 Kc7 30. f5 Bd7 31. f6 gxf6 32. exf6 Rxf6 33. h6 Rxh6 34. Qf4+ Qd6 35. Qxf7 Re8 36. Rae2 Nb6 37. Nh7 Qe7 38. Qxe7 Rxe7 39. Nf6 Rxf6 40. Bh3 Nc8 41. Kh2 Rh7 42. Ra2 Rfh6 43. Ne2 e5 44. Ng1 exd4 45. cxd4 Nxd4 0-1

[Event "Voronezh op-A 18th"]
[Site "Voronezh"]
[Date "2014.06.13"]
[Round "2"]
[White "Fedorov, Alexei"]
[Black "Elizarov, Dmitry"]
[Result "1-0"]
[WhiteElo "2574"]
[BlackElo "2376"]
[PlyCount "79"]
[EventDate "2014.06.12"]
[EventType "swiss"]
[EventRounds "9"]
[EventCountry "RUS"]
[SourceTitle "CBM 160 Extra"]
[Source "ChessBase"]
[SourceDate "2014.07.01"]
[SourceVersion "1"]
[SourceVersionDate "2014.07.01"]
[SourceQuality "1"]

1. e4 e6 2. d4 d5 3. Nc3 Nf6 4. e5 Nfd7 5. Nce2 c5 6. c3 Nc6 7. Nf3 cxd4 8. cxd4 f6 9. exf6 Nxf6 10. Nc3 Bd6 11. Bb5 0-0 12. 0-0 a6 13. Bxc6 bxc6 14. Bg5 c5 15. Rc1 cxd4 16. Qxd4 Qe8 17. Bf4 Bxf4 18. Qxf4 Nh5 19. Qe3 Rb8 20. b3 Rb4 21. Ne2 e5 22. Qd2 Rg4 23. Rxc8 Qxc8 24. Nxe5 Kh8 25. Rc1 Qf5 26. Nxg4 Qxg4 27. f3 Qd7 28. Rc5 Nf6 29. Nd4 h6 30. Qc3 Qa7 31. Rc7 Qb8 32. g3 Re8 33. Kg2 Qd8 34. b4 Nd7 35. Nf5 Ne5 36. Nxg7 d4 37. Qc1 Qf6 38. Nxe8 Qxf3+ 39. Kg1 Ng4 40. Qd2 1-0

[Event "Voronezh op-A 18th"]
[Site "Voronezh"]
[Date "2014.06.12"]
[Round "1"]
[White "Elizarov, Dmitry"]
[Black "Lingur, Zalina"]
[Result "1-0"]
[WhiteElo "2376"]
[BlackElo "2048"]
[PlyCount "93"]
[EventDate "2014.06.12"]
[EventType "swiss"]
[EventRounds "9"]
[EventCountry "RUS"]
[SourceTitle "CBM 160 Extra"]
[Source "ChessBase"]
[SourceDate "2014.07.01"]
[SourceVersion "1"]
[SourceVersionDate "2014.07.01"]
[SourceQuality "1"]

1. d4 Nf6 2. c4 e6 3. Nc3 Bb4 4. Qc2 0-0 5. Nf3 d6 6. a3 Bxc3+ 7. Qxc3 h6 8. g3 Qe7 9. b4 Re8 10. Bb2 c5 11. dxc5 dxc5 12. Ne5 Nbd7 13. b5 Ne4 14. Qc2 Nd6 15. Nxd7 Bxd7 16. Rd1 Rad8 17. Be5 Bc8 18. Bg2 Nf5 19. 0-0 f6 20. Bb8 b6 21. Qa4 Bb7 22. Rxd8 Qxd8 23. Bxb7 Qxb8 24. Be4 Nd6 25. Bc6 Rd8 26. Rd1 Qc7 27. Rd3 Kf7 28. Qc2 Nf5 29. Be4 Nd6 30. Bg6+ Kxg6 31. Rxd6+ Kf7 32. Rxd8 Qxd8 33. Qe4 Qd7 34. h4 h5 35. Kg2 e5 36. f3 g6 37. g4 hxg4 38. fxg4 Kg7 39. Kf3 Kh6 40. Qd5 Qe7 41. Qg8 Qb7+ 42. Ke3 g5 43. Qh8+ Qh7 44. Qxf6+ Qg6 45. Qh8+ Qh7 46. hxg5+ Kg6 47. Qf6# 1-0

[Event "Dvorkovich Memorial op 8th"]
[Site "Taganrog"]
[Date "2013.07.26"]
[Round "5"]
[White "Zakaryan, David"]
[Black "Elizarov, Dmitry"]
[Result "1/2-1/2"]
[WhiteElo "2276"]
[BlackElo "2395"]
[PlyCount "114"]
[EventDate "2013.07.22"]
[EventType "swiss"]
[EventRounds "9"]
[EventCountry "RUS"]
[SourceTitle "CBM 155 Extra"]
[Source "ChessBase"]
[SourceDate "2013.08.26"]
[SourceVersion "1"]
[SourceVersionDate "2013.08.26"]
[SourceQuality "1"]

1. d4 d5 2. c4 c6 3. Nf3 Nf6 4. Nc3 e6 5. Bg5 Be7 6. e3 Nbd7 7. cxd5 exd5 8. Bd3 0-0 9. Rc1 Re8 10. h3 Nf8 11. Qc2 Be6 12. g4 Ne4 13. Bf4 Nxc3 14. Qxc3 Ng6 15. Bg3 Nh4 16. Ne5 Bd6 17. f4 Bxe5 18. dxe5 d4 19. Qc2 dxe3 20. Bxh7+ Kh8 21. Be4 Bd5 22. Rd1 Qa5+ 23. Ke2 Bxe4 24. Qxe4 Ng6 25. Qc4 Red8 26. Qxf7 Qb5+ 27. Kxe3 Qc5+ 28. Kf3 Nxe5+ 29. fxe5 Rf8 30. Qf5 g6 31. Qf6+ Rxf6+ 32. exf6 Rf8 33. Rd6 Rxf6+ 34. Rxf6 Qd5+ 35. Ke3 Qxh1 36. Be5 Kh7 37. Rf7+ Kg8 38. Rg7+ Kf8 39. Rxg6 Qxh3+ 40. Kf4 Qh2+ 41. Kf5 Qf2+ 42. Kg5 Qe3+ 43. Kf5 Qf3+ 44. Kg5 Qd5 45. Kf4 Qxa2 46. Rg7 b5 47. g5 Qc4+ 48. Kf5 Qd3+ 49. Kf6 Qf3+ 50. Ke6 a5 51. Rb7 Qd5+ 52. Kf6 Qd8+ 53. Kg6 Qe8+ 54. Kf6 Qd8+ 55. Kg6 Qd3+ 56. Kf6 Qf3+ 57. Ke6 Qd5+ 1/2-1/2

[Event "Dvorkovich Memorial op"]
[Site "Taganrog"]
[Date "2013.01.21"]
[Round "7"]
[White "Elizarov, Dmitry"]
[Black "Kovalchuk, Alexey"]
[Result "1-0"]
[WhiteElo "2409"]
[BlackElo "2235"]
[PlyCount "53"]
[EventDate "2013.01.15"]
[EventType "swiss"]
[EventRounds "9"]
[EventCountry "RUS"]
[SourceTitle "CBM 152 Extra"]
[Source "ChessBase"]
[SourceDate "2013.02.25"]
[SourceVersion "1"]
[SourceVersionDate "2013.02.25"]
[SourceQuality "1"]

1. d4 Nf6 2. c4 c5 3. d5 b5 4. cxb5 a6 5. bxa6 g6 6. Nc3 Bxa6 7. e4 Bxf1 8. Kxf1 d6 9. g3 Bg7 10. Kg2 0-0 11. Qc2 Na6 12. Nf3 Nd7 13. Bf4 Qa5 14. Rhe1 Rfb8 15. e5 dxe5 16. Nxe5 Nxe5 17. Bxe5 Bxe5 18. Rxe5 Rb7 19. Rae1 Qb4 20. Rxe7 Qxb2 21. Qxb2 Rxb2 22. d6 Rbb8 23. d7 Kf8 24. Nd5 Rd8 25. Nf6 Nc7 26. Nxh7+ Kg7 27. Ng5 1-0

[Event "Dvorkovich Memorial op"]
[Site "Taganrog"]
[Date "2013.01.15"]
[Round "3"]
[White "Elizarov, Dmitry"]
[Black "Mamonov, Alexey"]
[Result "1-0"]
[WhiteElo "2409"]
[BlackElo "2208"]
[PlyCount "93"]
[EventDate "2013.01.15"]
[EventType "swiss"]
[EventRounds "9"]
[EventCountry "RUS"]
[SourceTitle "CBM 152 Extra"]
[Source "ChessBase"]
[SourceDate "2013.02.25"]
[SourceVersion "1"]
[SourceVersionDate "2013.02.25"]
[SourceQuality "1"]

1. d4 d5 2. c4 e6 3. Nc3 Nf6 4. cxd5 exd5 5. Bg5 c6 6. e3 Bd6 7. Bd3 Be6 8. Qc2 h6 9. Bh4 Nbd7 10. f4 g5 11. Bg3 Nf8 12. Nf3 Qc7 13. Ne5 Nh5 14. 0-0-0 0-0-0 15. Qe2 Nxg3 16. hxg3 f6 17. Ng4 Qg7 18. f5 Bf7 19. e4 dxe4 20. Nxe4 Bxa2 21. Ngxf6 Bxg3 22. Nh5 Bf4+ 23. Nxf4 gxf4 24. Qf3 Qc7 25. Bc2 Bd5 26. Rh4 Nh7 27. Qxf4 Qxf4+ 28. Rxf4 Bxe4 29. Bxe4 Nf6 30. Bf3 h5 31. Rh4 Rhg8 32. Re1 Rg5 33. Re5 a6 34. Kd2 Ng4 35. Bxg4 Rxd4+ 36. Ke3 Rdxg4 37. Rxg4 hxg4 38. Kf4 Rg8 39. f6 Kd7 40. Re7+ Kd6 41. Kf5 b5 42. b4 a5 43. bxa5 Ra8 44. Re6+ Kd7 45. f7 b4 46. Re8 Rxa5+ 47. Kg6 1-0